[Event "France Jeunes Belfort 2017"]
[Site "Belfort"]
[Date "2017.04.16"]
[Round "2.4"]
[White "Grondin, Marine"]
[Black "Favarel-Lubeigt, Helina"]
[Result "0-1"]
[WhiteElo "1188"]
[BlackElo "1537"]
[PlyCount "86"]
[EventDate "2017.??.??"]
[TimeControl "6000+500"]
[WhiteClock "1:16:55"]
[BlackClock "0:40:01"]

1. e4 e6 2. d4 d5 3. Nc3 Bb4 4. Bd2 c5 5. exd5 cxd4 6. Nb5 Bc5 7. Nf3 Ne7 8.
Nbxd4 Nxd5 9. Bb5+ Bd7 10. Qe2 Qb6 11. Bxd7+ Nxd7 12. Be3 Qxb2 13. O-O Qb6 14.
Qb5 Qxb5 15. Nxb5 Bxe3 16. fxe3 O-O 17. e4 N5f6 18. e5 Nd5 19. c4 Ne3 20. Rfc1
Nc5 21. Rc3 Nf5 22. Rd1 Rfd8 23. Rcc1 a6 24. Nc3 Ne3 25. Rxd8+ Rxd8 26. Kf2
Nd3+ 27. Kxe3 Nxc1 28. Ne4 Nxa2 29. Nc5 b5 30. cxb5 axb5 31. Nb7 Rd7 32. Nc5
Rc7 33. Kd4 b4 34. Nd2 Nc1 35. Na6 Rd7+ 36. Ke3 Rd3+ 37. Kf2 Rxd2+ 38. Kg3 b3
39. Nb4 b2 40. Kh3 b1=Q 41. Nc6 Qd3+ 42. g3 Qf5+ 43. Kh4 Rxh2# 0-1

[Event "France Jeunes Belfort 2017"]
[Site "Belfort"]
[Date "2017.04.16"]
[Round "2.4"]
[White "Mutlu, Mehmed-Emin"]
[Black "Eugene, Floryan"]
[Result "0-1"]
[WhiteElo "1921"]
[BlackElo "2271"]
[PlyCount "60"]
[EventDate "2017.??.??"]
[TimeControl "6000+2455"]
[WhiteClock "0:01:19"]
[BlackClock "0:05:43"]

1. e4 e5 2. Nc3 Nc6 3. f4 d6 4. Nf3 Nf6 5. d4 exd4 6. Nxd4 Be7 7. Be2 O-O 8.
Be3 Re8 9. Bf3 Nxe4 10. Bxe4 d5 11. Bxh7+ Kxh7 12. Qh5+ Kg8 13. O-O-O Bc5 14.
Bf2 Nxd4 15. Bxd4 Bxd4 16. Rxd4 c6 17. f5 Qf6 18. Rf4 Re5 19. g4 Qh6 20. Qxh6
gxh6 21. Rg1 f6 22. Kd2 Bd7 23. Rg2 Kf7 24. Kd3 c5 25. Re2 Rae8 26. Rff2 d4 27.
Rxe5 Rxe5 28. Ne4 Bb5+ 29. c4 dxc3+ 30. Ke3 Bc6 0-1

[Event "France Jeunes Belfort 2017"]
[Site "Belfort"]
[Date "2017.04.16"]
[Round "2.4"]
[White "Normand, Victor"]
[Black "Gatineau, Yovann"]
[Result "1/2-1/2"]
[WhiteElo "1904"]
[BlackElo "2214"]
[PlyCount "82"]
[EventDate "2017.??.??"]
[TimeControl "6000+980"]
[WhiteClock "0:08:23"]
[BlackClock "0:00:48"]

1. e4 c5 2. Nc3 a6 3. Nge2 e6 4. d4 cxd4 5. Nxd4 Qc7 6. Bd3 Nf6 7. O-O d6 8.
Kh1 Be7 9. f4 O-O 10. Qf3 Nc6 11. Be3 Bd7 12. Rae1 Rfd8 13. Nxc6 Bxc6 14. Qh3
e5 15. Qg3 Kh8 16. fxe5 dxe5 17. Rf5 Bd7 18. Nd5 Nxd5 19. Rxf7 Bf6 20. exd5 Rf8
21. Qh3 Bxh3 22. Rxc7 Bc8 23. Rf1 Re8 24. Be4 Bg4 25. d6 Rad8 26. Bc5 b6 27.
Ba3 Bd7 28. c4 Rf8 29. h3 a5 30. b4 axb4 31. Bxb4 Be6 32. c5 bxc5 33. Bxc5 Bxa2
34. Ra1 Be6 35. Raa7 Kg8 36. Bc6 Rf7 37. d7 g5 38. Bb6 Kg7 39. Kg1 e4 40. Rcb7
Rdf8 41. Bxe4 h5 1/2-1/2

[Event "France Jeunes Belfort 2017"]
[Site "Belfort"]
[Date "2017.04.16"]
[Round "2.4"]
[White "Roux, Baptiste"]
[Black "Bernard, Mathis"]
[Result "1-0"]
[WhiteElo "1934"]
[BlackElo "1631"]
[PlyCount "46"]
[EventDate "2017.??.??"]
[TimeControl "6000+935"]
[WhiteClock "0:25:11"]
[BlackClock "0:42:02"]

1. e4 Nf6 2. e5 Nd5 3. d4 d6 4. c4 Nb6 5. exd6 exd6 6. Nc3 Be7 7. Bd3 Nc6 8.
Nge2 Bg4 9. Be3 Bf6 10. Qb3 Rb8 11. h3 Bd7 12. Ne4 Be7 13. O-O O-O 14. f4 Bf5
15. Ng5 Bg6 16. Bxg6 hxg6 17. c5 Nc8 18. d5 Na5 19. Qc3 b6 20. Bd4 Bf6 21. c6
Bxd4+ 22. Nxd4 Ne7 23. Nde6 Re8 1-0

[Event "France Jeunes Belfort 2017"]
[Site "Belfort"]
[Date "2017.04.16"]
[Round "2.4"]
[White "Sabiani, Chjara"]
[Black "Hoch, Anna"]
[Result "0-1"]
[WhiteElo "1781"]
[BlackElo "1398"]
[PlyCount "90"]
[EventDate "2017.??.??"]
[TimeControl "6000+1145"]
[WhiteClock "0:16:22"]
[BlackClock "0:24:37"]

1. d4 d6 2. c4 Nf6 3. Nc3 g6 4. e4 Bg7 5. h3 O-O 6. Be3 e5 7. d5 Na6 8. Bd3 Nc5
9. Bc2 Nh5 10. Qd2 f5 11. Bg5 Bf6 12. h4 f4 13. Bxf6 Qxf6 14. Bd1 a5 15. Bxh5
gxh5 16. O-O-O Kh8 17. f3 Rg8 18. Qc2 Qg6 19. Nb5 Bd7 20. Rd2 Qg3 21. Kb1 Bxb5
22. cxb5 a4 23. Rh3 Qe1+ 24. Rd1 Qb4 25. Qe2 Ra5 26. g4 Rxb5 27. Rd2 hxg4 28.
fxg4 Qxe4+ 29. Qxe4 Nxe4 30. Rc2 Rxd5 31. Rxc7 Rd1+ 32. Rc1 Rxc1+ 33. Kxc1 Rc8+
34. Kd1 Nf2+ 35. Ke2 Nxh3 36. Nxh3 Rc2+ 37. Kf3 Rxb2 38. Ng5 Kg8 39. Ne4 Rxa2
40. Nxd6 Rb2 41. Nc4 Rb3+ 42. Kf2 a3 43. Nxe5 a2 44. Nc4 a1=Q 45. Nd2 Qd4+ 0-1

[Event "France Jeunes Belfort 2017"]
[Site "Belfort"]
[Date "2017.04.16"]
[Round "2.4"]
[White "Simon, Antoine"]
[Black "Bouvet, Florian"]
[Result "0-1"]
[WhiteElo "1947"]
[BlackElo "2183"]
[PlyCount "60"]
[EventDate "2017.??.??"]
[TimeControl "6000+1035"]
[WhiteClock "0:01:11"]
[BlackClock "0:33:11"]

1. d4 Nf6 2. c4 g6 3. Nc3 d5 4. cxd5 Nxd5 5. e4 Nxc3 6. bxc3 Bg7 7. Qa4+ c6 8.
Nf3 O-O 9. Be2 Qc7 10. O-O Bg4 11. h3 Bxf3 12. Bxf3 e5 13. Rd1 Nd7 14. Rb1 Rfe8
15. Qb3 b6 16. Ba3 Rad8 17. d5 cxd5 18. exd5 Nc5 19. Qc4 Bf8 20. Rd2 e4 21. Bg4
h5 22. Be2 Qf4 23. Rbd1 Bd6 24. g3 Qf5 25. Kg2 e3 26. fxe3 Rxe3 27. g4 Qe5 28.
Bxc5 Qh2+ 29. Kf1 Qxh3+ 30. Kf2 Bxc5 0-1

[Event "France Jeunes Belfort 2017"]
[Site "Belfort"]
[Date "2017.04.16"]
[Round "2.4"]
[White "Vigna, Liza"]
[Black "Tourneur, Cloe"]
[Result "1-0"]
[WhiteElo "1864"]
[BlackElo "1580"]
[PlyCount "85"]
[EventDate "2017.??.??"]
[TimeControl "6000+990"]
[WhiteClock "0:03:30"]
[BlackClock "0:12:48"]

1. e4 d5 2. exd5 Nf6 3. Bb5+ Bd7 4. Bc4 Bg4 5. f3 Bc8 6. Nc3 Nbd7 7. d3 Nb6 8.
Bb5+ Bd7 9. Bc4 Bc8 10. Bf4 Nbxd5 11. Nxd5 Nxd5 12. Bxd5 Qxd5 13. Bxc7 Qc5 14.
Bg3 Qb4+ 15. c3 Qxb2 16. Ne2 b6 17. O-O Ba6 18. Rb1 Qa3 19. Nd4 e6 20. Be5 Qa5
21. Re1 Rc8 22. Nf5 f6 23. Bd4 Kf7 24. Ng3 Bc5 25. Ne2 Rhe8 26. Kh1 Bxd4 27.
cxd4 Re7 28. Qb3 Qd2 29. Rbd1 Qc2 30. Qa3 Bb7 31. Nf4 Qf2 32. d5 e5 33. d6 Rd7
34. Qb3+ Kf8 35. Ne6+ Ke8 36. Nc5 Rxd6 37. Qg8+ Ke7 38. Qxg7+ Ke8 39. Nxb7 Rdc6
40. Qg8+ Ke7 41. Qxh7+ Ke6 42. d4 Rc2 43. d5# 1-0

[Event "France Jeunes Belfort 2017"]
[Site "Belfort"]
[Date "2017.04.16"]
[Round "2.5"]
[White "Caloone, Thomas"]
[Black "Auvray, Honorine"]
[Result "1-0"]
[WhiteElo "2149"]
[BlackElo "1953"]
[PlyCount "129"]
[EventDate "2017.??.??"]
[TimeControl "6000+1260"]
[WhiteClock "0:02:11"]
[BlackClock "0:00:41"]

1. e4 g6 2. d4 Bg7 3. f4 d6 4. Nf3 Nf6 5. Nc3 O-O 6. Bd3 Na6 7. a3 c5 8. d5 Nc7
9. O-O a6 10. a4 Rb8 11. a5 Nb5 12. Qe2 Nd4 13. Nxd4 cxd4 14. Nd1 Bg4 15. Qf2
Nd7 16. b4 f5 17. exf5 Bxf5 18. Bb2 Bxd3 19. cxd3 Rf5 20. Bxd4 Rxd5 21. Bxg7
Kxg7 22. Qf3 Rd4 23. Rb1 Qf8 24. Qe3 Rd5 25. Nc3 Rf5 26. Rbe1 e5 27. fxe5 dxe5
28. Rxf5 Qxf5 29. Rf1 Qg4 30. Ne4 Rf8 31. Rxf8 Kxf8 32. h3 Qe6 33. Qh6+ Kg8 34.
Qxh7+ Kxh7 35. Ng5+ Kg7 36. Nxe6+ Kf6 37. Nc7 Nb8 38. Nd5+ Ke6 39. Ne3 Nc6 40.
Nc2 e4 41. d4 Kd5 42. Kf2 Nxd4 43. Nxd4 Kxd4 44. Ke2 Ke5 45. Ke3 Kf5 46. g4+
Kg5 47. Kxe4 Kh4 48. Ke5 Kxh3 49. Kd6 Kxg4 50. Kc7 Kf5 51. Kxb7 g5 52. b5 g4
53. bxa6 g3 54. a7 g2 55. a8=Q g1=Q 56. Qc8+ Ke5 57. Qc7+ Kd5 58. Qc6+ Ke5 59.
a6 Qb1+ 60. Qb6 Qh1+ 61. Qc6 Qb1+ 62. Kc8 Qf5+ 63. Kc7 Qh7+ 64. Kb6 Qh3 65. a7
1-0

[Event "France Jeunes Belfort 2017"]
[Site "Belfort"]
[Date "2017.04.16"]
[Round "2.6"]
[White "Charvein, Gabriel"]
[Black "Lever, Erwan"]
[Result "0-1"]
[WhiteElo "1934"]
[BlackElo "2129"]
[PlyCount "54"]
[EventDate "2017.??.??"]
[TimeControl "6000+1875"]
[WhiteClock "0:05:33"]
[BlackClock "0:22:11"]

1. e4 c5 2. Nf3 d6 3. Bb5+ Nd7 4. O-O a6 5. Be2 Ngf6 6. d3 g6 7. c3 Bg7 8. Nbd2
O-O 9. Nh4 d5 10. f4 e5 11. Qe1 exf4 12. Rxf4 g5 13. Rxf6 Nxf6 14. Nf5 Bxf5 15.
exf5 Re8 16. Qf2 Qe7 17. Kf1 Qd6 18. g4 Re7 19. Bf3 Rae8 20. Kg2 Nd7 21. Nf1 h6
22. Ng3 Ne5 23. Be2 c4 24. d4 Nd3 25. Bxd3 cxd3 26. Qf3 Re2+ 27. Kh3 d2 0-1

[Event "France Jeunes Belfort 2017"]
[Site "Belfort"]
[Date "2017.04.16"]
[Round "3.1"]
[White "Bellahcene, Sofia"]
[Black "Milojevic-Daim, Lola-Shaina"]
[Result "0-1"]
[WhiteElo "1699"]
[BlackElo "1348"]
[PlyCount "36"]
[EventDate "2017.??.??"]
[TimeControl "6000+795"]
[WhiteClock "0:41:10"]
[BlackClock "0:35:30"]

1. e4 e5 2. Bc4 Nf6 3. d3 Nc6 4. Nc3 Be7 5. f4 d6 6. f5 g6 7. g4 h5 8. gxh5
Rxh5 9. fxg6 fxg6 10. Be3 Ng4 11. Qf3 Bh4+ 12. Kd1 Nxe3+ 13. Qxe3 Bg4+ 14. Nge2
Nd4 15. Rf1 Bg5 16. Qf2 Bf4 17. Qg2 Qg5 18. Rxf4 Bxe2+ 0-1

[Event "France Jeunes Belfort 2017"]
[Site "Belfort"]
[Date "2017.04.16"]
[Round "3.1"]
[White "Benezra, Esther"]
[Black "Afraoui, Anaelle"]
[Result "0-1"]
[WhiteElo "1761"]
[BlackElo "1977"]
[PlyCount "78"]
[EventDate "2017.??.??"]
[TimeControl "6000+845"]
[WhiteClock "0:02:26"]
[BlackClock "0:01:26"]

1. e4 c5 2. Nf3 e6 3. b3 d6 4. Bb2 Nf6 5. Nc3 Be7 6. d4 cxd4 7. Nxd4 O-O 8. Bd3
Nbd7 9. Nce2 Nc5 10. f3 a6 11. c4 Qc7 12. O-O b6 13. b4 Nxd3 14. Qxd3 Bb7 15.
Ng3 Rac8 16. Rac1 Qd7 17. f4 d5 18. cxd5 Bxb4 19. dxe6 fxe6 20. Qb3 Bc5 21.
Rxc5 bxc5 22. Nxe6 Rf7 23. Bxf6 c4 24. Qb4 Rxf6 25. f5 Rf7 26. Rc1 Qb5 27. Qc3
a5 28. Rd1 Rd7 29. Kf2 Qb6+ 30. Kf3 Re7 31. Nh5 Qb4 32. Qe5 c3 33. Nhxg7 c2 34.
Rc1 Qc3+ 35. Qxc3 Rxc3+ 36. Ke2 Bxe4 37. Kd2 Rc8 38. f6 Rd7+ 39. Ke2 Bg6 0-1

[Event "France Jeunes Belfort 2017"]
[Site "Belfort"]
[Date "2017.04.16"]
[Round "3.1"]
[White "Djidjeli, Sarah"]
[Black "Rubsamen, Anais"]
[Result "0-1"]
[WhiteElo "1934"]
[BlackElo "1610"]
[PlyCount "148"]
[EventDate "2017.??.??"]
[TimeControl "6000+590"]
[WhiteClock "0:00:31"]
[BlackClock "0:00:58"]

1. e4 g6 2. Nc3 Bg7 3. d4 c6 4. Bc4 d5 5. exd5 b5 6. Bb3 b4 7. Nce2 cxd5 8. a3
bxa3 9. Rxa3 Nc6 10. Nf3 Bg4 11. Ba4 Bd7 12. O-O Nf6 13. Ne5 Qb6 14. Rb3 Qa6
15. Bb5 Qc8 16. Bxc6 Bxc6 17. Rc3 Ne4 18. Rxc6 Qb7 19. c4 Bxe5 20. dxe5 Qxc6
21. cxd5 Qc4 22. f3 Nc5 23. Bh6 Nd3 24. Qd2 Qxd5 25. Nc3 Qc4 26. b3 Qd4+ 27.
Be3 Qd7 28. Bh6 Nxe5 29. Qe3 Nc6 30. Rd1 Qe6 31. Ne4 Rd8 32. Rc1 Nd4 33. g4 Nb5
34. Bg7 Rg8 35. Bb2 Nd6 36. Rc6 h5 37. Ba3 hxg4 38. Bxd6 f5 39. Rc7 Rxd6 40.
Nxd6+ Qxd6 41. Rxa7 gxf3 42. Ra2 Qc6 43. Ra4 Kf7 44. Rc4 Qa8 45. Rc7 Qd8 46.
Rc1 Qd5 47. Re1 Qb7 48. Qe6+ Kf8 49. Rd1 Qb8 50. Rc1 Qa7+ 51. Kf1 Kg7 52. Rc6
Kh7 53. Rc4 Kg7 54. Qe5+ Kf7 55. Rc6 Qd7 56. Rc3 Qd1+ 57. Kf2 Qe2+ 58. Qxe2
fxe2 59. Rh3 Kf6 60. Kxe2 Rb8 61. Kd2 e5 62. Rc3 Rb4 63. Kd3 Rh4 64. Rc2 e4+
65. Kd4 e3+ 66. Kd3 Rb4 67. Rc3 f4 68. Ke2 Kf5 69. Kf3 g5 70. Rc5+ Kf6 71. Rc6+
Kg7 72. Rc5 Kg6 73. Kg4 Kf6 74. Rc6+ Ke5 0-1

[Event "France Jeunes Belfort 2017"]
[Site "Belfort"]
[Date "2017.04.16"]
[Round "3.1"]
[White "Lafortune, Emerick"]
[Black "Philippe, Guillaume"]
[Result "0-1"]
[WhiteElo "2111"]
[BlackElo "2307"]
[PlyCount "52"]
[EventDate "2017.??.??"]
[TimeControl "6000+535"]
[WhiteClock "0:42:28"]
[BlackClock "0:57:04"]

1. Nf3 Nf6 2. c4 e6 3. g3 a6 4. Bg2 b5 5. b3 Bb7 6. O-O c5 7. d4 cxd4 8. Qxd4
Nc6 9. Qb2 Be7 10. Nc3 bxc4 11. bxc4 Na5 12. Na4 Bc6 13. Qc2 Rc8 14. Bd2 Be4
15. Bxa5 Qxa5 16. Qb3 O-O 17. Rfc1 Rb8 18. Qd1 Ba3 19. Rc3 Bb2 20. Rac1 Bxc1
21. Rxc1 Rb4 22. Nc3 Bxf3 23. exf3 Rxc4 24. Ne2 Rxc1 25. Nxc1 Rc8 26. f4 Qa3
0-1

[Event "France Jeunes Belfort 2017"]
[Site "Belfort"]
[Date "2017.04.16"]
[Round "3.1"]
[White "Lomandong, Noela-Joyce"]
[Black "Lapeyre, Maeva"]
[Result "1-0"]
[WhiteElo "1987"]
[BlackElo "1604"]
[PlyCount "53"]
[EventDate "2017.??.??"]
[TimeControl "6000+1030"]
[WhiteClock "0:26:43"]
[BlackClock "0:05:02"]

1. Nf3 d5 2. g3 Nf6 3. Bg2 e6 4. c4 Be7 5. d4 O-O 6. Nc3 Nbd7 7. O-O dxc4 8. e4
b6 9. Qe2 Bb7 10. Re1 c5 11. d5 exd5 12. exd5 Re8 13. Qxc4 Qc7 14. Bf4 Qc8 15.
d6 Bf8 16. Ng5 Bxg2 17. Nxf7 Rxe1+ 18. Rxe1 g6 19. Kxg2 Qb8 20. Ne4 Kg7 21.
Bh6+ Kg8 22. Nfg5+ Kh8 23. Nf7+ Kg8 24. Bg5 b5 25. Qe6 Bg7 26. Nxf6+ Nxf6 27.
Nh6+ 1-0

[Event "France Jeunes Belfort 2017"]
[Site "Belfort"]
[Date "2017.04.16"]
[Round "3.1"]
[White "Motoyama, Enzo-Ryadh"]
[Black "Zachary, Matheo"]
[Result "1/2-1/2"]
[WhiteElo "1949"]
[BlackElo "2267"]
[PlyCount "87"]
[EventDate "2017.??.??"]
[TimeControl "6000+1095"]
[WhiteClock "0:18:36"]
[BlackClock "0:51:38"]

1. e4 c5 2. Nf3 Nc6 3. d4 cxd4 4. Nxd4 e5 5. Nb5 d6 6. c4 Be7 7. N1c3 a6 8. Na3
f5 9. exf5 Bxf5 10. Bd3 Be6 11. O-O Nf6 12. Nc2 O-O 13. b3 Rc8 14. Bb2 Kh8 15.
Ne3 b5 16. Ncd5 bxc4 17. bxc4 Nb8 18. Qd2 Nbd7 19. Bc3 Nxd5 20. cxd5 Bf7 21.
Ba5 Qe8 22. Bxa6 Ra8 23. Bb7 Ra7 24. Bc6 Bg5 25. Bb4 Qe7 26. Qe2 Nc5 27. Nf5
Qf6 28. Nxd6 Qxd6 29. Qc2 Be7 30. Rfc1 Bxd5 31. Qxc5 Qxc5 32. Bxc5 Bxc5 33.
Rxc5 Rxa2 34. Rxa2 Bxa2 35. Rxe5 Rc8 36. Re8+ Rxe8 37. Bxe8 Kg8 38. f4 Kf8 39.
Bc6 Ke7 40. Be4 h6 41. Kf2 Kf6 42. g3 g5 43. fxg5+ hxg5 44. Bd3 1/2-1/2

[Event "France Jeunes Belfort 2017"]
[Site "Belfort"]
[Date "2017.04.16"]
[Round "3.1"]
[White "Verhille, Elie"]
[Black "Popov, Konstantin"]
[Result "0-1"]
[WhiteElo "1765"]
[BlackElo "2026"]
[PlyCount "92"]
[EventDate "2017.??.??"]
[TimeControl "6000+575"]
[WhiteClock "0:40:11"]
[BlackClock "1:16:11"]

1. e4 c5 2. f4 d5 3. exd5 Nf6 4. Bb5+ Nbd7 5. c4 a6 6. Ba4 b5 7. cxb5 Nxd5 8.
Ne2 g6 9. Nbc3 N5b6 10. Bc2 Bb7 11. O-O Bg7 12. bxa6 Bxa6 13. Be4 Rc8 14. Re1
O-O 15. Nd5 Nxd5 16. Bxd5 e6 17. Bf3 c4 18. Rb1 Nc5 19. g3 Nd3 20. Rf1 Qb6+ 21.
Kg2 Rfd8 22. Ng1 Qa5 23. a3 Nxb2 24. Qe1 c3 25. dxc3 Bxc3 26. Qf2 Bd4 27. Be3
Bxf1+ 28. Rxf1 Bxe3 29. Qxe3 Nc4 30. Qb3 Nd2 31. Qb4 Qxb4 32. axb4 Nxf1 33.
Kxf1 Rb8 34. Ne2 Rxb4 35. Kf2 Rd2 36. Ke3 Rxe2+ 37. Bxe2 Kf8 38. Bf3 Ke7 39.
Be4 f5 40. Bd3 e5 41. fxe5 Ke6 42. h3 Kxe5 43. h4 Rb3 44. Kd2 Kd4 45. Bc2 Rxg3
46. h5 Rg2+ 0-1

[Event "France Jeunes Belfort 2017"]
[Site "Belfort"]
[Date "2017.04.16"]
[Round "3.1"]
[White "Viennot, Dylan"]
[Black "Caloone, Thomas"]
[Result "1/2-1/2"]
[WhiteElo "2263"]
[BlackElo "2149"]
[PlyCount "87"]
[EventDate "2017.??.??"]
[TimeControl "6000+1020"]
[WhiteClock "0:08:09"]
[BlackClock "0:07:57"]

1. Nc3 Nf6 2. d4 d5 3. Bf4 e6 4. Qd2 Bd7 5. e3 a6 6. Bd3 c5 7. dxc5 Bxc5 8. Nf3
Bc6 9. Ne5 Bd6 10. O-O Qc7 11. Nxc6 Nxc6 12. Bxd6 Qxd6 13. Qe2 O-O 14. Rfd1 Qb4
15. Rab1 Ne5 16. Qd2 Nxd3 17. cxd3 Rac8 18. Ne4 Qxd2 19. Nxf6+ gxf6 20. Rxd2 f5
21. d4 Rc4 22. Kf1 Rfc8 23. Ke2 Kf8 24. h3 h5 25. Kf3 Kg7 26. Rg1 Rc1 27. Rxc1
Rxc1 28. Kf4 Kf6 29. f3 b5 30. b3 a5 31. Rf2 a4 32. bxa4 bxa4 33. g4 fxg4 34.
fxg4 hxg4 35. Kxg4+ Kg6 36. h4 Rg1+ 37. Kf4 f6 38. Rb2 Kh5 39. Rb4 Kxh4 40. Kf3
Kg5 41. Rxa4 Kf5 42. Ra5 Rf1+ 43. Ke2 Ra1 44. Kf3 1/2-1/2

[Event "France Jeunes Belfort 2017"]
[Site "Belfort"]
[Date "2017.04.16"]
[Round "3.2"]
[White "Attard, Leopold"]
[Black "Travadon, Loic"]
[Result "0-1"]
[WhiteElo "2090"]
[BlackElo "2348"]
[PlyCount "82"]
[EventDate "2017.??.??"]
[TimeControl "6000+1400"]
[WhiteClock "0:01:05"]
[BlackClock "0:21:15"]

1. d4 Nf6 2. Nf3 e6 3. c4 Bb4+ 4. Bd2 Qe7 5. g3 Bxd2+ 6. Nbxd2 d6 7. e4 e5 8.
d5 O-O 9. b4 a5 10. a3 Na6 11. Rb1 c6 12. Bg2 cxd5 13. cxd5 Bd7 14. O-O axb4
15. axb4 Rfc8 16. Qb3 Qd8 17. Rfe1 Qb6 18. Nc4 Qc7 19. Nfd2 b5 20. Ne3 Ng4 21.
Nxg4 Bxg4 22. f4 f6 23. Nf1 Bd7 24. Ne3 Qb6 25. fxe5 fxe5 26. Kh1 Qd4 27. Red1
Rc3 28. Rxd4 Rxb3 29. Rxb3 exd4 30. Nd1 Rc8 31. Bf1 Rc1 32. Be2 Rc2 33. Bd3 Rd2
34. Nb2 Nc7 35. Bf1 Ne8 36. Nd3 Nf6 37. e5 Nxd5 38. exd6 Ne3 39. Nc5 Rd1 40.
Rxe3 dxe3 41. Kg2 Bc6+ 0-1

[Event "France Jeunes Belfort 2017"]
[Site "Belfort"]
[Date "2017.04.16"]
[Round "3.2"]
[White "Blanquet, Camille"]
[Black "Nguyen, Thao Nhi"]
[Result "0-1"]
[WhiteElo "1346"]
[BlackElo "1691"]
[PlyCount "62"]
[EventDate "2017.??.??"]
[TimeControl "6000+885"]
[WhiteClock "0:33:20"]
[BlackClock "0:18:24"]

1. e4 b6 2. d4 Bb7 3. Bd3 Nf6 4. Qe2 Nc6 5. Nf3 Nb4 6. Nc3 Nxd3+ 7. Qxd3 e6 8.
a3 Be7 9. O-O O-O 10. Ng5 h6 11. Nh3 d5 12. e5 Nd7 13. Qg3 Kh8 14. Nf4 Rg8 15.
Qh3 Bg5 16. Nh5 Bxc1 17. Raxc1 Qf8 18. f4 Rd8 19. f5 exf5 20. Rf4 a6 21. Re1 c5
22. dxc5 Nxc5 23. b4 Ne6 24. Rxf5 g6 25. Nf6 gxf5 26. Nxg8 Kxg8 27. Qxf5 Qg7
28. g3 Qg5 29. Qf2 d4 30. Ne2 Qxe5 31. Rf1 Ng5 0-1

[Event "France Jeunes Belfort 2017"]
[Site "Belfort"]
[Date "2017.04.16"]
[Round "3.2"]
[White "Boulart, Emilie"]
[Black "Rollot, Florence"]
[Result "1-0"]
[WhiteElo "1636"]
[BlackElo "1973"]
[PlyCount "110"]
[EventDate "2017.??.??"]
[TimeControl "6000+1095"]
[WhiteClock "0:02:56"]
[BlackClock "0:10:58"]

1. e4 c5 2. c3 d5 3. exd5 Qxd5 4. d4 Nf6 5. Nf3 Bg4 6. Be2 e6 7. Be3 cxd4 8.
cxd4 Nc6 9. Nc3 Qd6 10. O-O Be7 11. h3 Bh5 12. Qb3 O-O 13. Rfd1 Rfd8 14. Rac1
Qb4 15. Qxb4 Nxb4 16. g4 Bg6 17. Ne5 Rac8 18. Bf3 Nfd5 19. a3 Nxc3 20. Rxc3
Rxc3 21. bxc3 Nc2 22. a4 Nxe3 23. fxe3 Bc2 24. Rd2 Bxa4 25. Bxb7 Rb8 26. Ra2
Rxb7 27. Rxa4 Bg5 28. Kf2 Rb2+ 29. Kf3 f6 30. Nc4 Rb3 31. Ra3 Rxa3 32. Nxa3 Kf7
33. c4 Ke7 34. Ke4 a6 35. c5 Kd7 36. Nc4 Kc6 37. Nb6 a5 38. Kd3 Kb5 39. e4 Bf4
40. Kc3 Bg3 41. Nc4 e5 42. Na3+ Kc6 43. Nc4 exd4+ 44. Kxd4 Bf2+ 45. Kc3 Kxc5
46. Na3 Be1+ 47. Kd3 a4 48. Nc2 Bb4 49. Na1 a3 50. Nb3+ Kb5 51. Na1 a2 52. Kc2
Kc4 53. Kb2 Bc3+ 54. Kxa2 Bxa1 55. Kxa1 Kd4 1-0

[Event "France Jeunes Belfort 2017"]
[Site "Belfort"]
[Date "2017.04.16"]
[Round "3.2"]
[White "Cohen Revivo, Shoham"]
[Black "Decuigniere, Tom"]
[Result "1/2-1/2"]
[WhiteElo "2221"]
[BlackElo "1909"]
[PlyCount "40"]
[EventDate "2017.??.??"]
[TimeControl "6000+620"]
[WhiteClock "1:13:10"]
[BlackClock "0:40:22"]

1. d4 Nf6 2. c4 e6 3. Nf3 Bb4+ 4. Nc3 c5 5. e3 Bxc3+ 6. bxc3 b6 7. Bd3 Bb7 8.
O-O O-O 9. Rb1 d6 10. Re1 Ne4 11. Qc2 f5 12. Nd2 Qh4 13. Rf1 Nxd2 14. Qxd2 Bxg2
15. Kxg2 Qg4+ 16. Kh1 Qf3+ 17. Kg1 Qg4+ 18. Kh1 Qf3+ 19. Kg1 Qg4+ 20. Kh1 Qf3+
1/2-1/2

[Event "France Jeunes Belfort 2017"]
[Site "Belfort"]
[Date "2017.04.16"]
[Round "3.2"]
[White "Konate, Salma"]
[Black "Yuan, Beline"]
[Result "0-1"]
[WhiteElo "1562"]
[BlackElo "1845"]
[PlyCount "106"]
[EventDate "2017.??.??"]
[TimeControl "6000+950"]
[WhiteClock "0:00:33"]
[BlackClock "0:07:27"]

1. e4 e6 2. d4 d5 3. e5 c5 4. c3 Nc6 5. Nf3 Qb6 6. Be2 f6 7. O-O fxe5 8. Nxe5
Nf6 9. a3 Bd6 10. Nxc6 Qxc6 11. Be3 b6 12. Nd2 O-O 13. Nf3 Qc7 14. h3 Bd7 15.
Bd3 Rae8 16. Re1 Bc8 17. Bb1 Ba6 18. Bg5 Bb5 19. Ne5 cxd4 20. cxd4 Nd7 21. Qh5
h6 22. Qg6 Nxe5 23. Qh7+ Kf7 24. dxe5 hxg5 25. Bg6+ Ke7 26. exd6+ Kxd6 27. Bxe8
Bxe8 28. Rac1 Qf7 29. Qc2 Bb5 30. a4 Be8 31. Qe2 Qf5 32. Rc3 Rf6 33. Rf3 Qg6
34. Qe5+ Kd7 35. Rxf6 Qxf6 36. Qxf6 gxf6 37. b3 Kd6 38. f3 e5 39. Rc1 Bd7 40.
Kf2 d4 41. Ke2 Be6 42. b4 Bb3 43. a5 f5 44. axb6 axb6 45. Kd3 Kd5 46. Rc8 e4+
47. fxe4+ fxe4+ 48. Kd2 Bc4 49. Rg8 e3+ 50. Kd1 d3 51. Rxg5+ Kd4 52. Rg3 d2 53.
Rg4+ Kd3 0-1

[Event "France Jeunes Belfort 2017"]
[Site "Belfort"]
[Date "2017.04.16"]
[Round "3.2"]
[White "Laurent-Paoli, Louis"]
[Black "Roux, Baptiste"]
[Result "1-0"]
[WhiteElo "1749"]
[BlackElo "1934"]
[PlyCount "129"]
[EventDate "2017.??.??"]
[TimeControl "6000+1145"]
[WhiteClock "0:01:17"]
[BlackClock "0:11:05"]

1. e4 c5 2. c3 Nf6 3. e5 Nd5 4. d4 cxd4 5. cxd4 e6 6. Nf3 d6 7. exd6 Bxd6 8.
Nc3 Nc6 9. Nxd5 exd5 10. Bd3 Qe7+ 11. Qe2 Bb4+ 12. Bd2 O-O 13. Bxb4 Qxb4+ 14.
Qd2 Re8+ 15. Kd1 Bg4 16. Qxb4 Nxb4 17. Kd2 Nc6 18. Bb5 Re4 19. Bxc6 bxc6 20.
Rac1 Rc8 21. Kd3 Bxf3 22. gxf3 Rf4 23. Ke3 g5 24. Rhg1 Re8+ 25. Kd2 Rxd4+ 26.
Kc3 Rc4+ 27. Kd3 Rxc1 28. Rxc1 Re6 29. Rc5 Kf8 30. Ra5 Re7 31. Ra6 Rc7 32. Kd4
Ke7 33. Kc5 Ke6 34. b3 Ke5 35. Ra4 f5 36. Rb4 Rd7 37. Rd4 a5 38. a3 Rb7 39. b4
axb4 40. axb4 Rd7 41. Rd3 Rb7 42. Rd4 h5 43. h3 h4 44. Rd3 Rb5+ 45. Kxc6 Rxb4
46. Rxd5+ Kf4 47. Kd6 Rb6+ 48. Ke7 Rg6 49. Kf7 Rh6 50. Rc5 Ra6 51. Rd5 Ra2 52.
Kf6 Rxf2 53. Rxf5+ Kg3 54. Kxg5 Ra2 55. Re5 Kxh3 56. f4 Rg2+ 57. Kh5 Kg3 58.
Rg5+ Kxf4 59. Rxg2 h3 60. Ra2 Kg3 61. Ra3+ Kg2 62. Kg4 h2 63. Ra2+ Kg1 64. Kg3
h1=N+ 65. Kf3 1-0

[Event "France Jeunes Belfort 2017"]
[Site "Belfort"]
[Date "2017.04.16"]
[Round "3.2"]
[White "Laurent-Paoli, Pierre"]
[Black "Heliot, Xabi"]
[Result "1/2-1/2"]
[WhiteElo "2298"]
[BlackElo "2081"]
[PlyCount "62"]
[EventDate "2017.??.??"]
[TimeControl "6000+1915"]
[WhiteClock "0:03:31"]
[BlackClock "0:06:16"]

1. d4 Nf6 2. Bg5 e6 3. e4 h6 4. Bxf6 Qxf6 5. c3 d6 6. Bd3 e5 7. Ne2 Nc6 8. O-O
g5 9. Na3 Bd7 10. Nc2 h5 11. Ne3 Ne7 12. Qb3 O-O-O 13. a4 g4 14. f4 Bh6 15. Nf5
Nxf5 16. exf5 exf4 17. Nxf4 Bxf4 18. Rxf4 Rde8 19. Raf1 Re7 20. Bc4 Rhe8 21. a5
Bc6 22. a6 b6 23. Bd5 Bxd5 24. Qxd5 Qg5 25. Qc4 f6 26. d5 Re1 27. g3 h4 28. Qc6
hxg3 29. Qa8+ Kd7 30. Qc6+ Kc8 31. Qa8+ Kd7 1/2-1/2